<?xml version="1.0" encoding="UTF-8"?><?xml-stylesheet type="text/xsl" href="static/style.xsl"?><OAI-PMH xmlns="http://www.openarchives.org/OAI/2.0/" xmlns:xsi="http://www.w3.org/2001/XMLSchema-instance" xsi:schemaLocation="http://www.openarchives.org/OAI/2.0/ http://www.openarchives.org/OAI/2.0/OAI-PMH.xsd"><responseDate>2026-05-16T21:51:46Z</responseDate><request verb="GetRecord" identifier="oai:repisalud.isciii.es:20.500.12105/14496" metadataPrefix="marc">https://repisalud.isciii.es/rest/oai/request</request><GetRecord><record><header><identifier>oai:repisalud.isciii.es:20.500.12105/14496</identifier><datestamp>2025-04-04T11:28:28Z</datestamp><setSpec>com_20.500.12105_2052</setSpec><setSpec>com_20.500.12105_2051</setSpec><setSpec>com_20.500.12105_15322</setSpec><setSpec>col_20.500.12105_19613</setSpec><setSpec>col_20.500.12105_16978</setSpec></header><metadata><record xmlns="http://www.loc.gov/MARC21/slim" xmlns:dcterms="http://purl.org/dc/terms/" xmlns:doc="http://www.lyncode.com/xoai" xmlns:xsi="http://www.w3.org/2001/XMLSchema-instance" xsi:schemaLocation="http://www.loc.gov/MARC21/slim http://www.loc.gov/standards/marcxml/schema/MARC21slim.xsd">
   <leader>00925njm 22002777a 4500</leader>
   <datafield ind2=" " ind1=" " tag="042">
      <subfield code="a">dc</subfield>
   </datafield>
   <datafield ind2=" " ind1=" " tag="720">
      <subfield code="a">Santamaría-Martín, María Jesús</subfield>
      <subfield code="e">author</subfield>
   </datafield>
   <datafield ind2=" " ind1=" " tag="720">
      <subfield code="a">Martín-Iglesias, Susana</subfield>
      <subfield code="e">author</subfield>
   </datafield>
   <datafield ind2=" " ind1=" " tag="720">
      <subfield code="a">Schwarz, Christine</subfield>
      <subfield code="e">author</subfield>
   </datafield>
   <datafield ind2=" " ind1=" " tag="720">
      <subfield code="a">Rico-Blázquez, Milagros</subfield>
      <subfield code="e">author</subfield>
   </datafield>
   <datafield ind2=" " ind1=" " tag="720">
      <subfield code="a">Portocarrero Nuñez, Julián Alexander</subfield>
      <subfield code="e">author</subfield>
   </datafield>
   <datafield ind2=" " ind1=" " tag="720">
      <subfield code="a">Díez-Izquierdo, Laura</subfield>
      <subfield code="e">author</subfield>
   </datafield>
   <datafield ind2=" " ind1=" " tag="720">
      <subfield code="a">Llamosas-Falcón, Laura</subfield>
      <subfield code="e">author</subfield>
   </datafield>
   <datafield ind2=" " ind1=" " tag="720">
      <subfield code="a">Rodríguez-Barrientos, Ricardo</subfield>
      <subfield code="e">author</subfield>
   </datafield>
   <datafield ind2=" " ind1=" " tag="720">
      <subfield code="a">Del Cura-González, Isabel</subfield>
      <subfield code="e">author</subfield>
   </datafield>
   <datafield ind2=" " ind1=" " tag="720">
      <subfield code="a">Grupo PROLACT</subfield>
      <subfield code="e">author</subfield>
   </datafield>
   <datafield ind2=" " ind1=" " tag="260">
      <subfield code="c">2022-02-16</subfield>
   </datafield>
   <datafield ind2=" " ind1=" " tag="520">
      <subfield code="a">Background: The rates of exclusive breastfeeding at 6months in Spain are far from recommended by the World Health Organization, which is 50% by 2025. Evidence of the efectiveness of group interventions in late postpartum is limited. The objective of this study was to evaluate the efectiveness of the PROLACT group educational intervention for increasing the proportion of mother-child dyads with exclusive breastfeeding at 6months compared to the usual practice in primary care. Method: Multicentre cluster randomized clinical trial. A total of 434 mother-child dyads who breastfed exclusively in the frst 4weeks of the children’s life and agreed to participate were included. The main outcome was exclusive breast‑feeding at 6months. Secondary variables were type of breastfeeding, reasons for abandonment, degree of adherence and satisfaction with the intervention. To study the efectiveness, the diference in the proportions of dyads with exclusive breastfeeding at 6months was calculated, and the relative risk (RR) and number needed to treat (NNT) were calculated with their 95% CIs. To study the factors associated with the maintenance of exclusive breastfeeding at 6months, a multilevel logistic regression model was ftted. All analyses were performed to intention to treat. Results: The percentage of dyads with exclusive breastfeeding at 6months was 22.4% in the intervention group and 8.8% in the control group. PROLACT intervention obtained an RR =2.53 (95% CI: 1.54–4.15) and an NNT=7 (95%CI: 5–14). The factors associated with exclusive breastfeeding at 6months were the PROLACT intervention, OR=3.51 (95%CI: 1.55–7.93); age>39 years, OR=2.79 (95%CI: 1.02–7.6); previous breastfeeding experience, OR=2.61 (95%CI: 1.29–5.29); income between 500 and 833.33 €, OR=3.52 (95%CI 1.47–8.47).); planning to start work before the infant was 6months old, OR=0.35 (0.19–0.63). Conclusions: The PROLACT intervention in primary care is more efective than the usual practice for maintaining exclusive breastfeeding at 6months, and can therefore be considered evidence-based practice for implementation in standard practice. Trial registration: The trial was registered with ClinicalTrials.gov under code number NCT01869920 (03/06/2013).</subfield>
   </datafield>
   <datafield ind1="8" ind2=" " tag="024">
      <subfield code="a">BMC Pregnancy Childbirth. 2022 Feb 16;22(1):132.</subfield>
   </datafield>
   <datafield ind1="8" ind2=" " tag="024">
      <subfield code="a">10.1186/s12884-022-04394-8</subfield>
   </datafield>
   <datafield ind1="8" ind2=" " tag="024">
      <subfield code="a">1471-2393</subfield>
   </datafield>
   <datafield ind1="8" ind2=" " tag="024">
      <subfield code="a">BMC Pregnancy and Childbirth</subfield>
   </datafield>
   <datafield ind1="8" ind2=" " tag="024">
      <subfield code="a">35172775</subfield>
   </datafield>
   <datafield ind1="8" ind2=" " tag="024">
      <subfield code="a">http://hdl.handle.net/20.500.12105/14496</subfield>
   </datafield>
   <datafield tag="653" ind2=" " ind1=" ">
      <subfield code="a">Breast-feeding</subfield>
   </datafield>
   <datafield tag="653" ind2=" " ind1=" ">
      <subfield code="a">Clinical trial</subfield>
   </datafield>
   <datafield tag="653" ind2=" " ind1=" ">
      <subfield code="a">Health education</subfield>
   </datafield>
   <datafield tag="653" ind2=" " ind1=" ">
      <subfield code="a">Health promotion</subfield>
   </datafield>
   <datafield tag="653" ind2=" " ind1=" ">
      <subfield code="a">Primary healthcare</subfield>
   </datafield>
   <datafield ind2="0" ind1="0" tag="245">
      <subfield code="a">Effectiveness of a group educational intervention - prolact - in primary care to promote exclusive breastfeeding: a cluster randomized clinical trial</subfield>
   </datafield>
</record></metadata></record></GetRecord></OAI-PMH>